Visualizzazione normale
Vista MARC
- Pie Discepole Divin Maestro Provincia Italia
di Personal Name
Records bibliografici associati: 1
001 - CONTROL NUMBER
- control field: 24682
003 - CONTROL NUMBER IDENTIFIER
- control field: IT-RoPau
005 - DATE AND TIME OF LATEST TRANSACTION
- control field: 20140512155503.0
008 - FIXED-LENGTH DATA ELEMENTS
- fixed length control field: 140512|| aca||aabn | a|a d
040 ## - CATALOGING SOURCE
- Original cataloging agency: IT-RoPau
- Transcribing agency: IT-RoPau
100 ## - HEADING--PERSONAL NAME
- Personal name: Pie Discepole Divin Maestro Provincia Italia
670 ## - SOURCE DATA FOUND
- Source citation: Work cat.: (IT-RoPau): Pie Discepole Divin Maestro Provincia Italia, Vesro il futuro, 2002